| 000 | 00567nam a2200193 i 4500 | ||
|---|---|---|---|
| 001 | 78751 | ||
| 003 | ES-MaACL | ||
| 005 | 20251114150615.0 | ||
| 007 | t| | ||
| 008 | 041015s1972 sp ||||1| spa d | ||
| 100 | 1 |
_aHall, Adam. _961553 |
|
| 245 | 1 | 3 |
_aEl amante desaparecido / _cAdam Hall ; traducción del inglés, Miguel Giménez Sales. |
| 250 | _a[1ª ed.]. | ||
| 260 |
_a[Barcelona : _bPicazo, _c1972] |
||
| 300 |
_a199 p. ; _c18 cm. |
||
| 700 | 1 |
_aGiménez Sales, Miguel, _d1922- _957067 |
|
| 852 |
_aES-MaACL _jC-53155 _bR.84281 |
||
| 999 |
_c78751 _d78751 |
||